Score 0/20 Timer 06:00
0 Plays Today
% Correct
Sleepy
87.4%
Daisy
85.7%
Nanny
84.9%
Happy
83.4%
Grumpy
83.2%
Roger
81%
Anna
77.5%
Jane
76.9%
Scar
75.8%
Stitch
72.6%
% Correct
Alice
70.8%
Beast
70.2%
Dumbo
68.4%
Doc
66.9%
Jasmine
65.8%
Mickey
63.7%
Cobra
63.1%
Pluto
58%
Ed
54.5%
Nick
54.2%
Remove Ads.
Support Sporcle.
Get the best of Sporcle when you Go Orange. This ad-free experience offers more features, more stats, and more fun while also helping to support Sporcle. Thank you for becoming a member.

You're not logged in!

Compare scores with friends on all Sporcle quizzes.
OR
Log In

Show Comments

Extras

Top Quizzes Today


Score Distribution

Your Account Isn't Verified!

In order to create a playlist on Sporcle, you need to verify the email address you used during registration. Go to your Sporcle Settings to finish the process.

Report this User

Report this user for behavior that violates our Community Guidelines.

Details: